000 00707nam a22002417a 4500
003 UA-OsUOA
001 50601
007 ta
008 20140624b un ||||| |||| 00| 0 ukr d
100 _aМартинець В.
090 _a32
_bМ29
942 _cBK
040 _aUA-OsUOA
_bukr
_cUA-OsUOA
_dUA-OsUOA
245 _aІдеологія організованого й т.зв. волевого націоналізму.
300 _a200 с.
955 _a4
041 _aukr
080 _a32
260 _aВінніпег
_c1954
650 7 _a32 Політика
_2UDC
999 _c430726
_d430726